|
|
|
แสดงรายละเอียดบรรณานุกรม |
|
|
Brief Record
: Get Marc (ISO 2709)
: E-mail record
: |
|
|
| LEADER 00000nam 2200000 a 4500 | |||
| 001 13399130844 | |||
| 003 ULIB | |||
| 008 161122s2559 th a 000 0 tha d | |||
| 020 ^a9789747196764 | |||
| 050 4 ^aBQ4570.K5^bน967 2559 | |||
| 245 00 ^aในหลวงกับพระป่ากรรมฐาน /^c[รวบรวมและดำเนินงานจัดพิมพ์โดย :พระธรรมทูตรักษพล กุลวฑฺฒโน] | |||
| 250 ^aพิมพ์ครั้งที่ 5 | |||
| 260 ^aกรุงเทพฯ :^bศิลป์สยามบรรจุภัณฑ์และการพิมพ์,^c2559 | |||
| 300 ^a174หน้า :^bภาพประกอบ | |||
| 500 ^aชื่อเรื่องจากปกนอก | |||
| 600 07 ^aภูมิพลอดุลยเดช,^cพระบาทสมเด็จพระเจ้าอยู่หัว,^d2470-2559 | |||
| 650 7 ^aกษัตริย์และผู้ครองนคร^zไทย^xแง่ศาสนา^xพุทธศาสนา | |||
| 650 7 ^aพุทธศาสนากับพระมหากษัตริย์ | |||
| 650 7 ^aกรรมฐาน | |||
| 650 7 ^aสงฆ์^vชีวประวัติ | |||
| 700 0 ^aพระรักษพล กุลวฑฺฒโน | |||
| 999 ^aสุณิสา สำเร็จดี บรรณารักษ์ | |||
| คุณยังไม่ได้ล็อกอิน คุณสามารถมีกิจกรรมร่วมกับเว็บไซต์ได้ แต่ต้องล็อกอินก่อน :: |
|
| สถานะ | |||||||||
| 1. | หนังสือทั่วไป | BQ4570.K5 น967 2559 ฉ.1 Barcode: 10044675 | ►ชั้นหนังสือเก่าปีพิมพ์เกิน 10 ปี | บนชั้น | |||||
| Note:อภินันทนาการ | |||||||||
| 2. | หนังสือทั่วไป | BQ4570.K5 น967 2559 ฉ.2 Barcode: 10044676 | ►ชั้นหนังสือเก่าปีพิมพ์เกิน 10 ปี | บนชั้น | |||||
| Note:อภินันทนาการ | |||||||||
| 3. | หนังสือทั่วไป | BQ4570.K5 น967 2559 ฉ.3 Barcode: 10044709 | ►ชั้นหนังสือเก่าปีพิมพ์เกิน 10 ปี | บนชั้น | |||||
| Note:อภินันทนาการ | |||||||||
| [แสดง 3/3 รายการ] | |||||||||
| รายการใกล้เคียง หัวเรื่อง [กรรมฐาน]
|
BibComment |
| คอมเมนท์ทรัพยากรรายการนี้ |
|
|